000
00271nam a22001097a 4500
082
_a
332.642 PIC
100
_a
PICKARD W.T. & LEWIS L.E.A
245
_a
THE INVESTMENT
260
_a
LONDON
_b
THE BULDING SOCIETIES INSTITUTE
_c
1988
300
_a
43p.
_b
:ill.;21cm
942
_c
BK
999
_c
19791
_d
19791